Κατάλογος Βιβλιοθηκών Mediterranean College

Financial Statement Analysis / Second Edition (Record no. 806)

MARC details
000 -LEADER
fixed length control field 02071cam a22002174a 4500
005 - ΗΜΕΡΟΜΗΝΙΑ ΚΑΙ ΩΡΑ ΤΕΛΕΥΤΑΙΑΣ ΕΝΗΜΕΡΩΣΗΣ
Πεδίο ελέγχου 20250605163946.0
008 - FIXED-LENGTH DATA ELEMENTS--GENERAL INFORMATION
Πεδίο ελέγχου σταθερού μήκους 250528s ||||||||||||||||||||||||d
035 ## - SYSTEM CONTROL NUMBER
System control number 15212
020 ## - ISBN
ISBN 133163326
040 ## - ΠΗΓΗ ΚΑΤΑΛΟΓΟΓΡΑΦΗΣΗΣ
Φορέας πρωτότυπης καταλογογράφησης MC Athens Campus Library
Γλώσσα καταλογογράφησης Ελληνικά, Μοντέρνα (1453-)
Modifying agency MC Athens Campus Library
Κανόνες περιγραφικής καταλογογράφησης AACR2
245 1# - ΤΙΤΛΟΣ ΚΑΙ ΔΗΛΩΣΗ ΥΠΕΥΘΥΝΟΤΗΤΑΣ
Τίτλος Financial Statement Analysis / Second Edition
250 ## - EDITION STATEMENT
Edition statement 2nd
260 ## - PUBLICATION, DISTRIBUTION, ETC.
Name of publisher, distributor, etc. Prentice Hall,
Date of publication, distribution, etc. 1986
300 ## - PHYSICAL DESCRIPTION
Extent 628
505 0# - FORMATTED CONTENTS NOTE
Formatted contents note The Demand for Financial Information, The Supply of Financial Statement Information, Financial Statement Analyaia: Introductory Techniques, Financial Statement Numbers: Some Empirical Issues and Evidence, Financial Statement Numbers and Alternative Accounting Methods, Cross-Sectional Analysis of Financial Statent Information, Time-Series Analysis of Financial Statement Information, Capital Markets and Information Efficiency, Asset Pricing and Financial Statement Information, Capital Markets and Corporate Information Releases, Equity Securities and Financial Statement Information, Corporate Restructuring and Financial Information, Debt Ratings and Debt Securities and Financial Information, Distress Analysis and Financial Information, Loan Decisions and Financial Information.
520 ## - SUMMARY, ETC.
Summary, etc. The Demand for Financial Information, The Supply of Financial Statement Information, Financial Statement Analyaia: Introductory Techniques, Financial Statement Numbers: Some Empirical Issues and Evidence, Financial Statement Numbers and Alternative Accounting Methods, Cross-Sectional Analysis of Financial Statent Information, Time-Series Analysis of Financial Statement Information, Capital Markets and Information Efficiency, Asset Pricing and Financial Statement Information, Capital Markets and Corporate Information Releases, Equity Securities and Financial Statement Information, Corporate Restructuring and Financial Information, Debt Ratings and Debt Securities and Financial Information, Distress Analysis and Financial Information, Loan Decisions and Financial Information.
700 1# - ΠΡΟΣΘΕΤΗ ΑΝΑΓΡΑΦΗ--ΦΥΣΙΚΟ ΠΡΟΣΩΠΟ
Personal name Foster George
9 (RLIN) 930
942 ## - ADDED ENTRY ELEMENTS (KOHA)
Koha item type Books
Holdings
Τύπος τεκμηρίου Βιβλιοθήκη Τρέχουσα τοποθεσία Barcode Αριθμός εισαγωγής Ημερομηνία απόκτησης Ταξιθετικό σύμβολο Αριθμός αντιτύπου Κατάσταση απόσυρσης Κατάσταση χαμένου Κατάσταση κατεστραμμένου Μη δανεισμός Σύνολο δανεισμών Ημερομηνία τελευταίας εμφάνισης Η τιμή ισχύει από
Books MC Athens Campus Library MC Athens Campus Library 9780000008053 1449 05/06/2025 657/.33 FOS 2           05/06/2025 05/06/2025

MC Athens Campus Library
Πατησίων 94 & Κοδριγκτώνος 13, 104 34
Πελλήνης 8 & Πατησίων 107, 112 51
Τ: +30 210 8899600

MC Thessaloniki Campus Library
Ίωνος Δραγούμη 21, 54625 | Ίωνος Δραγούμη 15, 54625
Τ: +30 2310 287779 – Τ: +30 2314 440300